000 01357cam a2200229 4500
001 ABS66001
008 021101n2002 000 0 eng u
035 _a(Sirsi) u120331
245 _aThames Water Utilities Ltd v Hampstead Homes (London) Ltd
260 _c2002
490 _aEstates Gazette
_v[2002] 43 EG 202 (CS) (26/10/02)
490 _aWeekly Law Reports
_v[2003] 1 WLR 198-209(12)
520 _aCA, 8 October 2002. Respondent builder (H) owned two buildings connected to mains water and sewage facilities. When H converted the buildings into flats, appellant (T) replaced existing pipes but H carried out connections into individual flats. H refused to pay T's infrastructure charges claiming T could not levy a charge under the Water Industry Act 1991 s146(2)(a) for premises already connected. The judge found in H's favour holding that the premises as a whole had been previously connected. T appealed. "Held": appeal allowed on the grounds that the converted premises placed an increased demand upon the water supply regardless of which party made the physical connection.
590 _aABS
650 _aCONVERSION
650 _aTHAMES WATER UTILITIES V HAMPSTEAD HOMES
650 _aWATER SUPPLY
650 _aWATER PIPES
650 _aWATER INDUSTRY ACT 1991
690 _aBUILDING AND CONSTRUCTION-CASE LAW
942 _n0
999 _c71492
_d71492